| 000 | 00343nam a22001457a 4500 | ||
|---|---|---|---|
| 003 | SGT | ||
| 020 | _a9789350090770 | ||
| 082 |
_a324.254 _bA11K |
||
| 100 | _aKIDWAI, RASHEED | ||
| 245 | _aAKBAR ROAD:A SHORT HISTORY OF PEOPLE | ||
| 260 |
_aINDIA _bHACHETTE _c2011 |
||
| 300 | _a172 | ||
| 650 | _aINDIAN POLITICAL PARTIES | ||
| 942 |
_2ddc _cBK |
||
| 999 |
_c26242 _d26242 |
||